000 00342nam a2200145Ia 4500
008 220613s9999||||xx |||||||||||||| ||und||
020 _a0003-4932
100 _axxx
245 0 _aAnnals of Surgery
250 _a247(4-6) 2008 Apr-June 2008
260 _bLippincott Williams & Wilkins
300 _a1088
650 _aSurgery
942 _cFJ
999 _c14360
_d14360